|
|
|
|
| LEADER |
01937nam a2200541 i 4500 |
| 001 |
nkc20193081288 |
| 003 |
CZ PrNK |
| 005 |
20191104080857.0 |
| 007 |
ta |
| 008 |
190307s2019 xr a g f 000 0 cze |
| 015 |
|
|
|a cnb003081288
|
| 020 |
|
|
|a 978-80-7617-395-8
|q (brožováno) :
|c Kč 299,00
|
| 035 |
|
|
|a (OCoLC)1130285722
|
| 040 |
|
|
|a BOA001
|b cze
|e rda
|
| 041 |
1 |
|
|a cze
|h eng
|
| 072 |
|
7 |
|a 74
|x Kresba. Umělecká řemesla
|2 Konspekt
|9 21
|
| 080 |
|
|
|a 745
|2 MRF
|
| 080 |
|
|
|a 745.5-032/-035
|2 MRF
|
| 080 |
|
|
|a 688.78/.79
|2 MRF
|
| 080 |
|
|
|a (035)
|2 MRF
|
| 080 |
|
|
|a (084.11)
|2 MRF
|
| 130 |
0 |
|
|a Nature art workshop.
|l Česky
|
| 245 |
1 |
0 |
|a Přírodní výtvarná dílna :
|b nápady, techniky a podrobné návody na projekty inspirované přírodou /
|c z anglického originálu Nature art workshop ... přeložila Kateřina Knišová
|
| 250 |
|
|
|a Vydání první
|
| 264 |
|
1 |
|a Praha :
|b Euromedia Group,
|c 2019
|
| 300 |
|
|
|a 128 stran :
|b barevné ilustrace ;
|c 30 cm
|
| 336 |
|
|
|a text
|b txt
|2 rdacontent
|
| 336 |
|
|
|a statický obraz
|b sti
|2 rdacontent
|
| 337 |
|
|
|a bez média
|b n
|2 rdamedia
|
| 338 |
|
|
|a svazek
|b nc
|2 rdacarrier
|
| 490 |
1 |
|
|a Esence
|
| 650 |
0 |
7 |
|a výtvarné práce
|7 ph127466
|2 czenas
|
| 650 |
0 |
7 |
|a výtvarné práce z přírodních materiálů
|7 ph136859
|2 czenas
|
| 650 |
0 |
7 |
|a dekorační předměty
|7 ph114300
|2 czenas
|
| 650 |
0 |
9 |
|a handicraft
|2 eczenas
|
| 650 |
0 |
9 |
|a nature craft
|2 eczenas
|
| 650 |
0 |
9 |
|a decorative objects
|2 eczenas
|
| 655 |
|
7 |
|a příručky
|7 fd133209
|2 czenas
|
| 655 |
|
7 |
|a obrazové publikace
|7 fd132947
|2 czenas
|
| 655 |
|
9 |
|a handbooks and manuals
|2 eczenas
|
| 655 |
|
9 |
|a pictorial works
|2 eczenas
|
| 700 |
1 |
|
|a Knišová, Kateřina
|7 jn20001227415
|4 trl
|
| 830 |
|
0 |
|a Esence
|0 s
|
| 910 |
2 |
|
|a BOA001
|b 4-1435.950
|
| 990 |
|
|
|a BK
|
| 995 |
|
|
|a 01
|
| 991 |
|
|
|b 201910
|c NOV
|
| 996 |
6 |
|
|b 2610799410
|c 4-1435.950
|l MZK
|r Sklad / do 1 hodiny
|n 0
|p p.v.
|w 001760503
|u 000010
|a 1
|e BOA001
|j MZK50
|s P
|